NCAA Division I Teams - Statistics

General Stats
  • This quiz has been taken 10 times
  • The average score is 266 of 365
Answer Stats
Hint Answer % Correct
Mountain West Air Force
100%
Mid-American Akron
100%
SEC Alabama
100%
Big 12 Arizona
100%
Big 12 Arizona State
100%
SEC Arkansas
100%
Sun Belt Arkansas State
100%
Patriot Army
100%
SEC Auburn
100%
Mountain West Boise State
100%
ACC Boston College
100%
Patriot Boston University
100%
Ivy Brown
100%
Mid-American Buffalo
100%
Big 12 BYU
100%
ACC California
100%
Mid-American Central Michigan
100%
Big 12 Cincinnati
100%
ACC Clemson
100%
Sun Belt Coastal Carolina
100%
Big 12 Colorado
100%
Mountain West Colorado State
100%
Ivy Columbia
100%
Atlantic 10 Dayton
100%
Conference USA Delaware
100%
MEAC Delaware State
100%
ACC Duke
100%
American East Carolina
100%
Mid-American Eastern Michigan
100%
SEC Florida
100%
Conference USA Florida International
100%
ACC Florida State
100%
Big East Georgetown
100%
Atlantic 10 George Washington
100%
SEC Georgia
100%
ACC Georgia Tech
100%
Ivy Harvard
100%
Big 12 Houston
100%
Big Sky Idaho
100%
Big Sky Idaho State
100%
Big Ten Illinois
100%
Big Ten Indiana
100%
Big Ten Iowa
100%
Big 12 Iowa State
100%
Sun Belt James Madison
100%
Big 12 Kansas
100%
Big 12 Kansas State
100%
SEC Kentucky
100%
Sun Belt Louisiana
100%
ACC Louisville
100%
SEC LSU
100%
America East Maine
100%
Big Ten Maryland
100%
American Memphis
100%
ACC Miami (FL)
100%
Mid-American Miami (OH)
100%
Big Ten Michigan
100%
Big Ten Michigan State
100%
Big Ten Minnesota
100%
SEC Mississippi State
100%
SEC Missouri
100%
Big Sky Montana
100%
Big Sky Montana State
100%
ACC NC State
100%
Big Ten Nebraska
100%
Mountain West Nevada
100%
America East New Hampshire
100%
Mountain West New Mexico
100%
Conference USA New Mexico State
100%
ACC North Carolina
100%
Big Sky Northern Arizona
100%
Big Ten Northwestern
100%
ACC Notre Dame
100%
Mid-American Ohio
100%
Big Ten Ohio State
100%
SEC Oklahoma
100%
Big 12 Oklahoma State
100%
SEC Ole Miss
100%
Big Ten Oregon
100%
Ivy Penn
100%
Big Ten Penn State
100%
ACC Pittsburgh
100%
Ivy Princeton
100%
Big Ten Purdue
100%
Atlantic 10 Rhode Island
100%
American Rice
100%
Big Ten Rutgers
100%
Big Sky Sacramento State
100%
West Coast San Diego
100%
Mountain West San Diego State
100%
West Coast San Francisco
100%
Mountain West San Jose State
100%
ACC SMU
100%
SEC South Carolina
100%
SWAC Southern
100%
American South Florida
100%
ACC Stanford
100%
ACC Syracuse
100%
SEC Tennessee
100%
SEC Texas
100%
SEC Texas A&M
100%
Sun Belt Texas State
100%
Big 12 Texas Tech
100%
Mid-American Toledo
100%
American Tulsa
100%
Big 12 UCF
100%
Big Ten UCLA
100%
Big East UConn
100%
Mid-American UMass
100%
Mountain West UNLV
100%
Big Ten USC
100%
Big 12 Utah
100%
Mountain West Utah State
100%
Conference USA UTEP
100%
SEC Vanderbilt
100%
America East Vermont
100%
ACC Virginia
100%
ACC Virginia Tech
100%
ACC Wake Forest
100%
Big Ten Washington
100%
Conference USA Western Kentucky
100%
Mid-American Western Michigan
100%
Big 12 West Virginia
100%
American Wichita State
100%
Big Ten Wisconsin
100%
Mountain West Wyoming
100%
Ivy Yale
100%
SWAC Alabama State
86%
America East Albany
86%
Mid-American Ball State
86%
Big 12 Baylor
86%
America East Binghamton
86%
Mid-American Bowling Green
86%
American Charlotte
86%
Ivy Cornell
86%
Ivy Dartmouth
86%
Atlantic 10 Duquesne
86%
Big Sky Eastern Washington
86%
American Florida Atlantic
86%
ASUN Florida Gulf Coast
86%
Mountain West Fresno State
86%
Sun Belt Georgia Southern
86%
Sun Belt Georgia State
86%
Horizon Green Bay
86%
Big West Hawaii
86%
Missouri Valley Indiana State
86%
ASUN Jacksonville
86%
Conference USA Jacksonville State
86%
Patriot Lehigh
86%
Conference USA Liberty
86%
Sun Belt Louisiana-Monroe
86%
Atlantic 10 Loyola-Chicago
86%
Patriot Loyola (MD)
86%
Big East Marquette
86%
Sun Belt Marshall
86%
Conference USA Middle Tennessee
86%
Conference USA Missouri State
86%
Patriot Navy
86%
Summit North Dakota
86%
Summit North Dakota State
86%
Mid-American Northern Illinois
86%
American North Texas
86%
West Coast Oregon State
86%
Atlantic 10 Richmond
86%
Atlantic 10 Saint Louis
86%
Conference USA Sam Houston State
86%
Sun Belt South Alabama
86%
Summit South Dakota
86%
Summit South Dakota State
86%
Sun Belt Southern Miss
86%
Atlantic 10 St. Bonaventure
86%
Big East St. John's
86%
Big 12 TCU
86%
Sun Belt Troy
86%
American Tulane
86%
American UAB
86%
Big East Villanova
86%
Ohio Valley Western Illinois
86%
SWAC Alabama A&M
71%
Patriot American
71%
Sun Belt Appalachian State
71%
ASUN Austin Peay
71%
Patriot Bucknell
71%
Big West Cal Poly
71%
Horizon Cleveland State
71%
Patriot Colgate
71%
Coastal College of Charleston
71%
Big East Creighton
71%
Atlantic 10 Davidson
71%
Big East DePaul
71%
Ohio Valley Eastern Illinois
71%
ASUN Eastern Kentucky
71%
Atlantic 10 Fordham
71%
West Coast Gonzaga
71%
West Coast Grand Canyon
71%
Big South High Point
71%
MEAC Howard
71%
SWAC Jackson State
71%
Conference USA Kennesaw State
71%
Mid-American Kent State
71%
Patriot Lafayette
71%
ASUN Lipscomb
71%
Northeast Long Island
71%
Conference USA Louisiana Tech
71%
SWAC Mississippi Valley State
71%
Missouri Valley Murray State
71%
Summit Nebraska-Omaha
71%
America East NJIT
71%
Missouri Valley Northern Iowa
71%
ASUN North Florida
71%
Horizon Oakland
71%
Sun Belt Old Dominion
71%
West Coast Pepperdine
71%
West Coast Portland
71%
Big Sky Portland State
71%
Big East Providence
71%
Missouri Valley Southern Illinois
71%
Southland Stephen F. Austin
71%
Coastal Stony Brook
71%
American Temple
71%
Big West UC Santa Barbara
71%
American UTSA
71%
Missouri Valley Valparaiso
71%
West Coast Washington State
71%
Coastal William & Mary
71%
Horizon Wisconsin-Milwaukee
71%
Southern Wofford
71%
Horizon Youngstown State
71%
WAC Abilene Christian
57%
SWAC Alcorn State
57%
Big East Butler
57%
Northeast Chicago State
57%
Big West CSU Fullerton
57%
Summit Denver
57%
Horizon Detroit Mercy
57%
Missouri Valley Drake
57%
Coastal Drexel
57%
SWAC Florida A&M
57%
Atlantic 10 George Mason
57%
SWAC Grambling State
57%
Missouri Valley Illinois State
57%
Ohio Valley Little Rock
57%
Big West Long Beach State
57%
MAAC Manhattan
57%
MAAC Niagara
57%
MEAC Norfolk State
57%
ASUN North Alabama
57%
Big Sky Northern Colorado
57%
Summit Oral Roberts
57%
SWAC Prairie View A&M
57%
Horizon Purdue Fort Wayne
57%
MAAC Quinnipiac
57%
Atlantic 10 Saint Joseph's
57%
West Coast Saint Mary's
57%
Southern Samford
57%
Big East Seton Hall
57%
Ohio Valley SIU Edwardsville
57%
Ohio Valley Southeast Missouri State
57%
WAC Southern Utah
57%
Ohio Valley Tennessee State
57%
Ohio Valley Tennessee Tech
57%
Southland Texas A&M-Corpus Christi
57%
SWAC Texas Southern
57%
Southern The Citadel
57%
Big West UC Davis
57%
Big West UC Irvine
57%
Big West UC Riverside
57%
Big West UC San Diego
57%
America East UMass-Lowell
57%
America East UMBC
57%
Big South UNC Asheville
57%
Southern UNC Greensboro
57%
Ohio Valley UT Martin
57%
Atlantic 10 VCU
57%
Big Sky Weber State
57%
Southern Western Carolina
57%
Big East Xavier
57%
SWAC Arkansas-Pine Bluff
43%
ASUN Bellarmine
43%
Missouri Valley Belmont
43%
SWAC Bethune-Cookman
43%
Missouri Valley Bradley
43%
America East Bryant
43%
MAAC Canisius
43%
ASUN Central Arkansas
43%
Northeast Central Connecticut State
43%
Big West CSU Bakersfield
43%
Big West CSU Northridge
43%
Coastal Elon
43%
Missouri Valley Evansville
43%
Southern Furman
43%
Big South Gardner-Webb
43%
MAAC Iona
43%
Summit Kansas City
43%
Atlantic 10 La Salle
43%
West Coast Loyola Marymount
43%
Coastal Monmouth
43%
Ohio Valley Morehead State
43%
MAAC Mount St. Mary's
43%
Southland New Orleans
43%
Coastal Northeastern
43%
Horizon Northern Kentucky
43%
West Coast Pacific
43%
Big South Presbyterian
43%
ASUN Queens
43%
MAAC Rider
43%
Horizon Robert Morris
43%
MAAC Sacred Heart
43%
MAAC Saint Peter's
43%
West Coast Santa Clara
43%
MEAC South Carolina State
43%
Southland Southeastern Louisiana
43%
Ohio Valley Southern Indiana
43%
ASUN Stetson
43%
Summit St. Thomas
43%
WAC Tarleton State
43%
Missouri Valley UIC
43%
Coastal UNC Wilmington
43%
WAC Utah Tech
43%
WAC Utah Valley
43%
Northeast Wagner
43%
ASUN West Georgia
43%
Big South Winthrop
43%
Horizon Wright State
43%
WAC California Baptist
29%
Coastal Campbell
29%
Big South Charleston Southern
29%
Southern Chattanooga
29%
MEAC Coppin State
29%
Southern East Tennessee State
29%
Southland East Texas A&M
29%
MAAC Fairfield
29%
Northeast Fairleigh Dickinson
29%
Coastal Hampton
29%
Coastal Hofstra
29%
Patriot Holy Cross
29%
Southland Houston Christian
29%
Southland Incarnate Word
29%
Horizon IU Indianapolis
29%
Southland Lamar
29%
Northeast Le Moyne
29%
Ohio Valley Lindenwood
29%
Big South Longwood
29%
MAAC Marist
29%
MEAC Maryland Eastern Shore
29%
Southland McNeese State
29%
Southern Mercer
29%
Northeast Mercyhurst
29%
MAAC Merrimack
29%
MEAC Morgan State
29%
Northeast New Haven
29%
Southland Nicholls State
29%
Coastal North Carolina A&T
29%
MEAC North Carolina Central
29%
Southland Northwestern State
29%
Big South Radford
29%
West Coast Seattle
29%
MAAC Siena
29%
Big South South Carolina Upstate
29%
Northeast St. Francis
29%
Northeast Stonehill
29%
Coastal Towson
29%
WAC UT Arlington
29%
Southland UT Rio Grande Valley
29%
Southern VMI
29%
No matching quizzes found
Score Distribution
Percent of People with Each Score
Percentile by Number Answered
Your Score History
You have not taken this quiz